Derecho Constitucional Chileno

-д хадгалсан:
Номзүйн дэлгэрэнгүй
Үндсэн зохиолч: Cea Egaña, José Luis (autor)
Формат: Ном
Хэл сонгох:англи
Хэвлэсэн: Santiago, Chile: Pontificia Universidad Católica de Chile, 2015
Хэвлэл:Tercera edición aumentada y actualizada
Нөхцлүүд:
Шошгууд: Шошго нэмэх
Шошго байхгүй, Энэхүү баримтыг шошголох эхний хүн болох!

MARC

LEADER 00000nam a22000007a 4500
003 CL-VaPUC
005 20250409165026.0
008 250409e2015 ||||| |||| 00| 0 eng d
999 |c 449034  |d 449032 
020 |a 9789561416772 
040 |c Pontificia Universidad Católica de Valparaíso 
082 0 4 |2 21  |a 342.83 CEA 2015 
100 1 |a Cea Egaña, José Luis  |e autor  |9 901946 
245 1 0 |a Derecho Constitucional Chileno 
250 |a Tercera edición aumentada y actualizada 
260 |a Santiago, Chile:  |b Pontificia Universidad Católica de Chile,  |c 2015 
300 |a Tomo I; 510 páginas 
505 |a Tomo I: -Primera Parte. Un Siglo de Trayectoria Constitucional. -Segunda Parte. La Constitución de 1980. -Tercera Parte. Fuentes e Interpretación del Derecho Constitucional. -Cuarta Parte. Bases de la Institucionalidad. -Quinta Parte. Nacionalidad, Ciudadanía y Sistema Electoral. 
583 |c 20250409  |k Valeria Valenzuela 
650 1 |a Derecho constitucional chileno   |9 478271 
650 1 |a Constitución política de 1980  |9 256495 
650 1 |a Constitución política de 1925  |9 256494 
942 |2 ddc  |c BK 
952 |0 0  |1 0  |3 erb  |4 0  |6 342_830000000000000_CEA_2015  |7 0  |8 A  |9 474343  |a BIBDER  |b BIBDER  |h t.I  |i 5266874  |l 10  |m 4  |o 342.83 CEA 2015  |p 5266874  |r 2025-03-20  |s 2025-03-05  |w 2019-11-24  |y BK  |z Catalogado en:20160310  |k DER